| 000 | 00849cam a2200241 a 4500 | ||
|---|---|---|---|
| 001 | vtls003232773 | ||
| 003 | MY-SjTCS | ||
| 005 | 20200226111910.0 | ||
| 008 | 120606s2004 njua 000 0 eng d | ||
| 020 | _a9780132887410 (pbk.) | ||
| 020 | _a013288741X (pbk.) | ||
| 039 | 9 |
_a201208091318 _bshuhada _c201208091317 _dshuhada _y201206061752 _zmalathy |
|
| 082 | 0 | 4 |
_a005.82 _bMAO 2004 |
| 100 | 1 |
_aMao, Wenbo. _962259 |
|
| 245 | 1 | 0 |
_aModern cryptography : _btheory and practice / _cWenbo Mao. |
| 260 |
_aUpper Saddle River, N.J. : _bPrentice Hall PTR, _cc2004. |
||
| 300 |
_axxxviii, 707 p. : _bill. ; _c24 cm. |
||
| 504 | _aIncludes bibliographical references (p. 673-698) and index. | ||
| 650 | 0 | _aCryptography. | |
| 650 | 0 |
_aComputers _xAccess control. _95081 |
|
| 650 | 0 |
_aData transmission systems _xSecurity measures. |
|
| 920 | _aSOCIT : 184298 | ||
| 999 | _c87250 | ||